Valparaíso. Historia, Personajes y Cultura. Siglos XIX y XX.
Bewaard in:
| Hoofdauteur: | |
|---|---|
| Andere auteurs: | |
| Formaat: | Boek |
| Gepubliceerd in: |
Valparaíso, Chile:
Ediciones Universitarias de Valparaíso,
2023.
|
| Onderwerpen: | |
| Tags: |
Voeg label toe
Geen labels, Wees de eerste die dit record labelt!
|
MARC
| LEADER | 00000nam a22000007a 4500 | ||
|---|---|---|---|
| 003 | CL-VaPUC | ||
| 005 | 20240612101609.0 | ||
| 008 | 230410t2023 ||||| |||| 00| 0 eng d | ||
| 999 | |c 443385 |d 443383 | ||
| 020 | |a 978-956-17-1112-9 | ||
| 040 | |c Pontificia Universidad Católica de Valparaíso | ||
| 082 | 7 | |2 22 |a 983.255 ACE 2023 | |
| 100 | |a Aceituno Silva, David |e compilador |9 468873 | ||
| 245 | 1 | 0 | |a Valparaíso. Historia, Personajes y Cultura. |b Siglos XIX y XX. |
| 260 | |a Valparaíso, Chile: |b Ediciones Universitarias de Valparaíso, |c 2023. | ||
| 300 | |a 274 páginas. | ||
| 500 | |a c.1 Donación Ediciones Universitarias. 21-3-2024 c.2 Donación David Aceituno Silva. HIS/012. 30-4-24 | ||
| 583 | |c 20230410 |k Catalogador Asistente | ||
| 600 | 0 | |9 437614 |a Wilkes, Charles |v Explorador |y 1893 |z Valparaíso | |
| 600 | 0 | |a Williamson, Stephen |v Empresario |y 1851-1868 |z Valparaíso |9 888382 | |
| 600 | 0 | |a Balfour, Alexander |v Empresario |y 1851-1868 |z Valparaíso |9 888383 | |
| 600 | 0 | |9 861247 |a Lukas |d 1934-1988 |q (Pecchenino Raggi, Renzo) |z Valparaíso | |
| 651 | 0 | |9 261144 |a Valparaíso, Chile |v Historia |v Arquitectura moderna (S. XX) |v Barrio Almendral |v Poetas |v Discurso obrero fenimista |y S. XIX - S. XX | |
| 700 | |a Estrada Turra, Baldomero |e compilador |9 621876 | ||
| 942 | |2 ddc |c BK | ||
| 952 | |0 0 |1 0 |2 ddc |4 0 |6 983_255000000000000_ACE_2023 |7 0 |8 A |9 593922 |a BIBHIS |b BIBHIS |d 2024-04-01 |e Donación |i 5660566 |l 2 |o 983.255 ACE 2023 |p 5660566 |r 2025-01-20 |s 2024-08-12 |t 1 |w 2024-04-01 |y BK |k HIS | ||
| 952 | |0 0 |1 0 |2 ddc |4 0 |6 983_255000000000000_ACE_2023 |7 0 |8 A |9 595042 |a BIBHIS |b BIBHIS |d 2024-06-12 |e Donación |i 5661530 |l 1 |o 983.255 ACE 2023 |p 5661530 |r 2025-01-20 |s 2024-10-11 |t 2 |w 2024-06-12 |y BK |k HIS | ||